East of the Mississippi, Larger than Louisiana Quiz Stats

 Plays Quiz Updated Jan 22, 2018

Challenge
Share
Tweet
Embed
Score 0/8 Timer 01:30
16 Plays Today
State % Correct
Florida
94.1%
Georgia
91.3%
New York
90.1%
North Carolina
82.8%
Michigan
79.2%
Alabama
78.1%
Illinois
73.9%
Wisconsin
59%

You're not logged in!

Compare scores with friends on all Sporcle quizzes.
OR
Log In

You Might Also Like...

Show Comments

Extras

Top Quizzes Today


Score Distribution

Your Account Isn't Verified!

In order to create a playlist on Sporcle, you need to verify the email address you used during registration. Go to your Sporcle Settings to finish the process.

Report this User

Report this user for behavior that violates our Community Guidelines.

Details: